000 00411nam a2200133Ia 4500
005 20260326235507.0
008 260326s9999||||xx |||||||||||||| ||und||
100 _aFaskel, Bernd
245 0 _aDie alten bauten besser :
_b Gesund wohnen und energie sparen durch klimabewubte architektur /
_cBernd Faskel
260 _bEichborn Sonderausgade
300 _a80 p.
650 _aARQUITECTURA RESIDENCIAL
942 _cBK
999 _c8205
_d8205